Петрология щелочных массивов среднего течения реки Урюп (Кузнецкий Алатау): Диссертация на соискание ученой степени кандидата геолого-минералогических наук

Detalles Bibliográficos
Autor principal: Митякин А. А.
Autor Corporativo: Томский политехнический институт (ТПИ)
Otros Autores: Ильенок С. С. Сергей Сергеевич (научный руководитель)
Lenguaje:ruso
Publicado: Томск, 1968
Materias:
Formato: MixedMaterials Libro
KOHA link:https://koha.lib.tpu.ru/cgi-bin/koha/opac-detail.pl?biblionumber=142399

MARC

LEADER 00000nbm0a2200000 4500
001 142399
005 20231031142734.0
035 |a (RuTPU)RU\TPU\book\154324 
090 |a 142399 
100 |a 20080905d1968 k y0rusy50 ca 
101 0 |a rus 
102 |a RU 
105 |a a m 001zy 
200 1 |a Петрология щелочных массивов среднего течения реки Урюп (Кузнецкий Алатау)  |e Диссертация на соискание ученой степени кандидата геолого-минералогических наук  |f А. А. Митякин  |g Томский политехнический институт (ТПИ) ; науч. рук. С. С. Ильенок 
210 |a Томск  |d 1968 
215 |a 346 л.  |c ил. 
320 |a Библиогр.: с. 309-346 (345 назв.) 
610 1 |a диссертации 
610 1 |a Кузнецкий Алатау 
610 1 |a реки 
610 1 |a петрология 
610 1 |a щелочные массивы 
610 1 |a геологические исследования 
610 1 |a геологическое строение 
610 1 |a характеристика 
610 1 |a Горячегорский щелочной интрузивный комплекс 
610 1 |a геохимические особенности 
610 1 |a генезис 
610 1 |a нефелины 
675 |a 552.3(04)  |v 3 
700 1 |a Митякин  |b А. А. 
702 1 |a Ильенок  |b С. С.  |c российский геолог  |c профессор Томского политехнического института  |f 1912-1983  |g Сергей Сергеевич  |2 stltpush  |3 (RuTPU)RU\TPU\pers\13902  |4 727 
712 0 2 |a Томский политехнический институт (ТПИ)  |c (1944-1991)  |2 stltpush  |3 (RuTPU)RU\TPU\col\1123 
801 1 |a RU  |b 63413507  |c 20080905  |g PSBO 
942 |c BK